Wikipedia Articles by mentions of Russia - Statistics

General Stats
  • This quiz has been taken 53 times
  • The average score is 38 of 45
Answer Stats
# Country % Correct
17 China
98%
49 Finland
98%
8 Germany
98%
25 Poland
98%
8 United Kingdom
98%
9 United States
98%
97 Belarus
96%
64 Estonia
96%
55 Latvia
96%
44 Lithuania
96%
815 Russia
96%
29 Sweden
96%
18 Turkey
96%
12 North Korea
94%
10 Norway
94%
184 Ukraine
94%
49 Armenia
92%
27 Iran
92%
94 Kazakhstan
92%
83 Azerbaijan
90%
11 France
90%
105 Georgia
90%
10 Hungary
90%
68 Kyrgyzstan
90%
87 Moldova
90%
30 Mongolia
90%
5 Afghanistan
88%
12 Romania
88%
17 South Korea
88%
94 Tajikistan
88%
6 Czech Republic
84%
11 Serbia
84%
98 Turkmenistan
84%
7 India
82%
55 Uzbekistan
82%
12 Greece
80%
10 Israel
78%
12 Syria
76%
13 Bulgaria
74%
5 Brazil
68%
6 Vietnam
68%
13 Montenegro
50%
10 Cyprus
42%
7 Philippines
34%
8 Myanmar
30%
No matching quizzes found
Score Distribution
Percent of People with Each Score
Percentile by Number Answered
Your Score History
You have not taken this quiz